Social Media as a Catalyst for Language Change bakalárska práca

Salvato in:
Dettagli Bibliografici
Autore principale: Petrushchenko, Valeriia
Ente Autore: Fakulta aplikovaných jazykov EU v Bratislave. Katedra jazykovedy a translatológie
Altri autori: Pavlíková, Žaneta, 1973-
Natura: Libro
Lingua:inglese
Pubblicazione: Bratislava 2025
Tags: Aggiungi Tag
Nessun Tag, puoi essere il primo ad aggiungerne!!

MARC

LEADER 00000nbm a2200000 4500
001 0308956
005 20260211103934.9
041 0 |a eng 
044 |a SK 
245 1 0 |a Social Media as a Catalyst for Language Change  |b bakalárska práca  |c Valeriia Petrushchenko ; školiteľ: Žaneta Pavlíková 
264 1 |a Bratislava  |c 2025 
300 |a 51 s. 
100 1 |a Petrushchenko, Valeriia 
700 1 |a Pavlíková, Žaneta, 1973- 
710 2 |a Fakulta aplikovaných jazykov EU v Bratislave. Katedra jazykovedy a translatológie